Normal view
MARC view
- Hotels and motels.
Entry Topical Term
001 - CONTROL NUMBER
- control field: 48203
003 - CONTROL NUMBER IDENTIFIER
- control field: OSt
005 - DATE AND TIME OF LATEST TRANSACTION
- control field: 20230325111105.0
008 - FIXED-LENGTH DATA ELEMENTS
- fixed length control field: 230325|| aca||aabn | a|a d
040 ## - CATALOGING SOURCE
- Original cataloging agency: OSt
- Transcribing agency: OSt
150 ## - HEADING--TOPICAL TERM
- Topical term or geographic name entry element: Hotels and motels.
670 ## - SOURCE DATA FOUND
- Source citation: Work cat.: (OSt): Mejia, Cynthia. author. 48202, The impact of personal and professional guanxi relationships on leader-member exchange in the chinese hotel industry/, January-March 2020.
